| 000 | 00491nam a22001817a 4500 | ||
|---|---|---|---|
| 999 |
_c14711 _d14711 |
||
| 003 | MIRAKIL | ||
| 005 | 20211222114812.0 | ||
| 008 | 211222b tu ||||| |||| 00| 0 tur d | ||
| 040 |
_aTR-AnCHP _cTR-AnCHP |
||
| 041 | _atur | ||
| 082 |
_a947.084 _bB34k 1947 |
||
| 100 | _aBelen, N. | ||
| 245 | 1 | 0 |
_aKomünist Rusya / _cN. Belen |
| 260 |
_aİstanbul: _b[yayl.y.], _c1947. _fGüven Basımevi. |
||
| 300 |
_a77 s.: _bhrt.; _c20 sm. |
||
| 651 | 0 |
_96830 _aRusya _xKomünist Dönem |
|
| 942 |
_2ddc _cBKS |
||